Регионална библиотека "Любен Каравелов" - Русе

Молитви казвани без глас (Запис номер 130010)

MARC детайли
000 -Лидер
Контролно поле с фиксирана дължина 01393nam a2200397 a 4500
003 - Код на организацията, давaща контролен номер
Контролно поле BLK
005 - Дата и час на последна редакция
Контролно поле 20241026005413.0
008 - Елементи от данни с фиксирана дължина
fixed length control field 180409b bul|||||r ||||||| ||bul||
010 ## - Наследен системен номер
LC control number KNG00135759000
040 ## - Източник на каталожния запис
Идентификатор на билиотеката - собственик на записа BLK
041 ## - Код за език
Код за езика на текст/звукозапис или на отделно заглавие Български
Код за езика КДБФ Български
072 #7 - Код за тематичната категория
Код организация bullib
Код за тематична категория К
Текст Краезнание
072 #7 - Код за тематичната категория
Код организация bullib
Код за тематична категория РА
Текст Русенски автори
072 #7 - Код за тематичната категория
Код организация bullib
Код за тематична категория Я
Текст Автографи
080 ## - УДК
Текстов определител УДК Българска литература
УДК код - определител по УДК 821.163.2
УДК определител -1
УДК - код + определител 821.163.2-1
100 ## - Редна дума - Автор
Автор Боздуганов, Никола Недев
Дати, свързани с автора 1924-2006
R(LIN) 387025
139 ## - Редно поле
Редна дума Боздуганов, Никола Недев
Авторски знак Боз - Б 58
245 10 - Сведения за заглавието
Заглавие Молитви казвани без глас
Подзаглавни данни Стихотворения
Редно поле (дума) Никола Недев Боздуганов.
257 ## - Страна на издаване
Страна на създаване/издаване България
260 ## - Област на издателските данни
Място на издаване, разпространение и проч. Русе
Име на издателя, разпространителя и проч. Изд. авт.
Година на издаване 1993
Печатница Русе : Дунав прес
300 ## - Физическа характеристика
Страници 48 с.
Размери/Мащаб 20 см
380 ## - Жанр
Жанр Худож. лит.
653 ## - Ключова дума – ненормативна
Ключова дума стихотворения
659 ## - Тематичен бюлетин
Тематичен бюлетин К
659 ## - Тематичен бюлетин
Тематичен бюлетин Я
852 ## - Местоположение
Форматна сигнатура Цб 173273
Фондова буква Хранилище
852 ## - Местоположение
Форматна сигнатура К 821.163.2/Б 58 Н
856 4# - Електронен адрес и достъп
Електронен формат pdf - файл
Инструкция (цена за достъп) 0.00
Права за достъп disable
856 4# - Електронен адрес и достъп
Електронен формат pdf - файл
Инструкция (цена за достъп) 0.00
Права за достъп disable
999 ## - СИСТЕМНИ КОНТРОЛНИ НОМЕРА
Koha biblionumber 130010
Koha biblioitemnumber 130010
942 ## - АРТИКУЛИ
Вид на библиотечния материал Книги
Скрит в OPAC Не
Периодичен библиозапис Да
944 ## - СЪЗДАВАНЕ И РЕДАКЦИЯ на ЗАПИСА
Създаване/Редакция Създаване
Дата на регистрацията/редакция 01.11.2012
Статус, дата на статуса CRON CRON
Служител, извършил регистрацията/редакцията
944 ## - СЪЗДАВАНЕ И РЕДАКЦИЯ на ЗАПИСА
Създаване/Редакция Редакция
Дата на регистрацията/редакция 28.08.2017
Статус, дата на статуса ф / 01.11.2012
Служител, извършил регистрацията/редакцията Людмила_Стоянова
999 ## - СИСТЕМНИ КОНТРОЛНИ НОМЕРА
Koha biblioitemnumber 130010
999 ## - СИСТЕМНИ КОНТРОЛНИ НОМЕРА
Koha biblioitemnumber 130010
999 ## - СИСТЕМНИ КОНТРОЛНИ НОМЕРА
Koha biblioitemnumber 130010
Наличности
Код за отписване Код за изгубен артикул Източник на класификационната схема Код за повреда Коз за рестрикции Код за отдаване Артикулен № Име на библиотеката - собственик Име на библиотеката, в която се намира в момента Статус (Текущо местоположение) Дата на вписване в системата Местоположение - отдел Цена в лева Инвентарен номер Систематично азбучна сигнатура Баркод Номер на екземпляра Цена в евро Служебна бележка Служебен тип на артикула Номерация (Хронология)
  Не е изгубен Universal Decimal Classification Не е повреден без рестрикции ползва се в читалня 211402 Регионална библиотека "Любен Каравелов" Русе Регионална библиотека "Любен Каравелов" Русе Хранилище 1993-01-01 Хранилище 0.42 580251 Цб 173273 120000580251 1 0.21 Дост: Dp Вид: Д N: стар фонд Дата: 01.01.1993 Книги  
  Не е изгубен Universal Decimal Classification Не е повреден само за читалня ползва се в читалня 211403 Регионална библиотека "Любен Каравелов" Русе Регионална библиотека "Любен Каравелов" Русе Краезнание 1993-01-01 Краезнание 0.42 584271 К 821.163.2/Б 58 Н 120000584271 2 0.21 Дост: DA Вид: А N: стар фонд Дата: 01.01.1993 Дата инв: 13.11.2017 Бележки инв: К2017 Книги Автограф: Никола Боздуганов
  Не е изгубен Universal Decimal Classification Не е повреден без рестрикции ползва се в читалня 211404 Регионална библиотека "Любен Каравелов" Русе Регионална библиотека "Любен Каравелов" Русе Краезнание 2017-03-31 Краезнание 8.00 120000809679 К 821.163.2/Б 58 Н 120000809679 3 4.09 Дост: DA Вид: А N: 16 Дата: 31.03.2017 Дата инв: 06.11.2017 Бележки инв: К2017 Книги Автограф: Никола Боздуганов
Vip Innovations Ltd, Rousse, Bulgaria 2025